Sports Quiz

Random Sports or NFL Quiz

Los Angeles Chargers Playoff Wins Quiz Stats

 Plays Quiz not verified by Sporcle

Score 0/12 Timer 03:00
0 Plays Today
Season Team % Correct
2018Baltimore Ravens
100%
2013Cincinnati Bengals
81.8%
2008Indianapolis Colts
77.3%
2007Indianapolis Colts
75%
1981Miami Dolphins
63.6%
2007Tennessee Titans
63.6%
1963Boston Patriots
61.4%
1994Pittsburgh Steelers
61.4%
1982Pittsburgh Steelers
59.1%
1980Buffalo Bills
54.5%
1992Kansas City Chiefs
52.3%
1994Miami Dolphins
52.3%

You're not logged in!

Compare scores with friends on all Sporcle quizzes.
OR
Log In

Sporcle TV

Today on Sporcle TV


Watch our educational content, quiz creation guides, and fun videos on Sporcle TV.

Show Comments

Extras

Top Quizzes Today


Score Distribution

Your Account Isn't Verified!

In order to create a playlist on Sporcle, you need to verify the email address you used during registration. Go to your Sporcle Settings to finish the process.

Report this User

Report this user for behavior that violates our Community Guidelines.

Details: